Fiscalitat ambiental
Publicado:
[Barcelona] :
Diputació de Barcelona, Xarxa de Municipis : Xarxa de Ciutats i Pobles cap a la Sostenibilitat, [2002]
Descripción Física:
[79] p. ; 30 cm
MARC
| LEADER | 00000nam a2200000Ia 4500 | ||
|---|---|---|---|
| 001 | 24295 | ||
| 008 | 160829s9999 xx 000 0 cat d | ||
| 080 | |a Bib-221 | ||
| 245 | |a Fiscalitat ambiental | ||
| 260 | |a [Barcelona] : |b Diputació de Barcelona, Xarxa de Municipis : |b Xarxa de Ciutats i Pobles cap a la Sostenibilitat, [2002] | ||
| 300 | |a [79] p. ; |c 30 cm | ||
| 590 | |a Ponències de la Jornada celebrada a l'Auditori La Farga (L'Hospitalet de Llobregat) el 11 de desembre de 2002 | ||
| 650 | |a Medi ambient |x Impostos --Barcelona (província) |9 49815 | ||
| 650 | |a Residus |x Congressos |9 49816 | ||
| 650 | |a Aigua |x Congressos I |9 49817 | ||
| 650 | |a Residus |x Barcelona (Àrea metropolitana) |x Congressos |9 49818 | ||
| 650 | |a Aigua |x Barcelona (Àrea metropolitana) |x Congressos |9 49819 | ||
| 650 | 0 | |a Medi ambient |x Impostos |9 49820 | |
| 710 | 2 | |a Xarxa de Ciutats i Pobles cap a la Sostenibilitat |9 53477 | |
| 710 | 1 | |a Barcelona (Catalunya : Província). |b Diputació |9 52408 | |
| 901 | |a Arxiu | ||
| 942 | |n 1 | ||
| 952 | |0 0 |1 0 |4 0 |6 BIB221 |7 1 |9 55614 |a Arxiu |b Arxiu |d 2016-12-01 |l 0 |o Bib-221 |p 24295 |r 2016-12-01 00:00:00 |w 2016-12-01 |y ARXIU | ||
| 999 | |c 59487 |d 59487 | ||